000 00473ntaaa2200181 4500
003 01
005 20251027201404.0
008 0714s1973 ag 01
040 _aAR-BaBN
_bspa
_cAR-BaBN
_eaacr
_dRIC
082 _a225.8000 H78
100 _aHort, Fenton John Anthony
_912362
245 _aJudaistic Christianity
250 _a1 ed. :
_bMacmillan,
_c1894
300 _axii, 222 p.
650 _aCristianismo-JudaĆ­smo
_912363
650 _aJudaĆ­smo-Cristianismo
942 _cBK
999 _c8413
_d8413